书目信息 |
| 题名: |
读懂邓小平
|
|
| 作者: | 林建公 著 | |
| 分册: | ||
| 出版信息: | 成都 四川人民出版社 2001 |
|
| 页数: | 509页 | |
| 开本: | 21cm | |
| 丛书名: | 读懂领袖丛书 | |
| 单 册: | ||
| 中图分类: | A765 , A849 , A849 | |
| 科图分类: | ||
| 主题词: | 毛泽东著作--学习 , 毛泽东著作研究 | |
| 电子资源: | ||
| ISBN: | 7-220-05266-9 | |
| 000 | 01228oam2 2200349 450 | |
| 001 | 1238573453 | |
| 005 | 20120929104626.39 | |
| 010 | @a7-220-05266-9@dCNY28.00 | |
| 100 | @a20021005d2001 em y0chiy0110 ea | |
| 101 | 0 | @achi |
| 102 | @aCN@b510000 | |
| 105 | @ay z 000yy | |
| 106 | @ar | |
| 200 | 1 | @a读懂邓小平@Adu dong deng xiao ping@f林建公等著 |
| 210 | @a成都@c四川人民出版社@d2001 | |
| 215 | @a509页@d21cm | |
| 225 | 2 | @a读懂领袖丛书 |
| 300 | @a献给中国共产党八十周年华诞 | |
| 314 | @a林建公(1934~),江苏张家港市人,中国历史唯物主义学会副会长、中国老教授协会部队院校工委副秘书长、哲学教授,著有《邓小平与毛泽东思想》、《邓小平的领导艺术》等。 | |
| 330 | @a本书共五章,内容包括:波澜壮阔 传奇色彩的一生、当今世界的历史伟人、飘扬中华大地的旗帜、老祖宗没有说过的“新话”、要像邓小平那样思考。 | |
| 461 | 0 | @12001 @a读懂领袖丛书 |
| 600 | 0 | @a邓小平@f(1904-1997)@x思想评论 |
| 600 | 0 | @a邓小平@f(1904-1997) |
| 600 | 0 | @a邓小平@f(1904-1997)@x人物研究 |
| 606 | 0 | @a毛泽东著作@x学习 |
| 606 | 0 | @a毛泽东著作研究 |
| 690 | @aA765@v4 | |
| 690 | @aA849@v4 | |
| 690 | @aA849@v4 | |
| 701 | 0 | @a林建公@Alin jian gong@4著 |
| 801 | 0 | @aCN@bNLC@c20010723 |
| 905 | @a10447@dA849@eJY1 | |
| 读懂邓小平/林建公等著 .-成都:四川人民出版社,2001 |
| 509页;21cm .-(读懂领袖丛书 ) |
| 献给中国共产党八十周年华诞 |
| ISBN 7-220-05266-9:CNY28.00 |
| 本书共五章,内容包括:波澜壮阔 传奇色彩的一生、当今世界的历史伟人、飘扬中华大地的旗帜、老祖宗没有说过的“新话”、要像邓小平那样思考。 |
| ● |
| 相关链接 |
|
|
|
|
正题名:读懂邓小平
索取号:A849/JY1
 
预约/预借
| 序号 | 登录号 | 条形码 | 馆藏地/架位号 | 状态 | 备注 |
| 1 | 7809560 | 278095605 | 学院路分馆/ [索取号:A849/JY1] | 在馆 | |
| 2 | 7809561 | 278095614 | 学院路分馆/ [索取号:A849/JY1] | 在馆 | |
| 3 | 7809562 | 278095623 | 学院路分馆/ [索取号:A849/JY1] | 在馆 | |
| 4 | 7809563 | 278095632 | 学院路分馆/ [索取号:A849/JY1] | 在馆 |